| 000 | 00743nam a2200217Ii 4500 | ||
|---|---|---|---|
| 003 | JO-AjNU | ||
| 008 | 230605s9999||||xx |||||||||||||| ||und|| | ||
| 017 | _a1993/4/428 | ||
| 040 |
_aJO-AjNU _bara _erda _cJO-AjNU |
||
| 041 | _aara | ||
| 050 | 1 | 4 | _aBP165.K264 1993 |
| 100 | 3 |
_aالخياط، عبد العزيز عزت, _eauthor _953014 |
|
| 245 | 0 | 0 | _aنفحات الإيمان أحاديث تلفازية قصيرة |
| 250 | _aط1 | ||
| 264 | 3 | 1 | _aعمان: دار البشير للنشر والتوزيع، 1993 |
| 300 | _a142ص | ||
| 336 |
_atext _btxt _2rdacontent |
||
| 337 |
_aunmediated _bn _2rdamedia |
||
| 338 |
_avolume _bnc _2rdacarrier |
||
| 650 | 4 |
_aالاسلام- الوعظ والارشاد- خطب ومقالات _953015 |
|
| 999 |
_aA23518 _c27086 _d27086 |
||